000 01071 a2200217 4500
003 Nust
005 20230526103148.0
010 _a 84010016
020 _a0070397767 (pbk.) :
040 _cNust
082 0 0 _a808.0666, MAL
100 1 _aMali, Paul.
_9112674
245 1 0 _aWriting and word processing for engineers and scientists :
_bhow to get your message across in today's high technology world /
_cPaul Mali and Richard W. Sykes.
260 _aNew York :
_bMcGraw-Hill,
_cc1985.
300 _ax, 165 p. :
_bill. ;
_c21 cm.
505 _aWhy You Must Write Cleary and Persuasively (Page-1), Use Your Computer as a World Processor (Page-8), Plan Your Writing (Page-16), Write and Rewrite for Clarity (Page-32), Check Your Writing for Readability Level (Page-40), Use Writing Persuaders (Page-53) Write for Busy Readers (Page-64), Technical Reports (Page-70), Technical Proposals (Page-112), Technical correspondence (Page-144).
650 0 _aTechnical writing.
650 0 _aWord processors.
_9112675
700 1 _aSykes, Richard W.
_9112676
942 _2ddc
_cBK
999 _c188529
_d188529